| 000 | 01357nam a2200217Ia 4500 | ||
|---|---|---|---|
| 003 | Ost | ||
| 005 | 20260507075743.0 | ||
| 008 | 260507s9999||||xx |||||||||||||| ||und|| | ||
| 020 | _a6197069957 | ||
| 040 | _cfsecg | ||
| 041 | _aara | ||
| 082 | _a330 | ||
| 100 |
_aفلية، فاروق عبده _eمؤلف |
||
| 245 | 0 |
_aإقتصاديات التعليم : _bمبادئ راسخة واتجاهات حديثة / _c فاروق عبده فلية |
|
| 260 |
_aعمان: _bدار المسيرة للنشر والتوزيع, _c2003 |
||
| 300 |
_a400 صفحة؛ _bإيضاحات ؛ _c24 سم |
||
| 520 | _aإقتصاديات التعليم رواد ودراسات- التنمية الإقتصادية واستثمار رأس المال البشري- مؤشرات نمو التعليم في العالم- نماذج رياضية في تحليل الكلفة والعائد من التعليم- المخزون التربوي- أساس اقتصاديات التعليم- المخزون التربوي من منظور تطبيقي- التشغيل الكامل- أحد طرق حساب العائد الإقتصادي من التعليم- البحث عن جودة التعليم منظور اقتصادي- تحديات تواجه اقتصاديات التعليم. | ||
| 653 | _aإقتصاديات التربية | ||
| 653 | _aالتعليم | ||
| 942 | _cكتاب | ||
| 999 |
_c46167 _d46167 |
||